Нормален изглед
MARC изглед
- Яворов, Пейо Крачолов
Вход 01. Лично име
001 - Контролен номер на записа
- Контролно поле: 245003
003 - Код на организацията, даваща контролен номер
- Контролно поле: BLK
005 - Дата и час на последна промяна на записа
- Контролно поле: 20240730084215.0
008 - Данни с фиксирана дължина – обща информация
- Данни с фиксирана дължина : 180420|| aca||aabn | a|a d
100 ## - ИМЕ НА ЛИЦЕ -ПЪРВИЧНА ИНТЕЛЕКТУАЛНА ОТГОВОРНОСТ
- Лично име: Яворов, Пейо Крачолов
- Дати, свързани с автора: 1878 - 1914
- Пълна форма на името: Крачолов, Пейо Тотев
372 ## - Сфера на дейност
- Сфера на дейност: Поет, писател, драматург. Преводач от немски и руски език
942 ## - Системна служебна употреба
- Koha auth type: PERSO_NAME